000 00207nam a22000857a 4500
008 161213b xxu||||| |||| 00| 0 eng d
100 _92012
_aNCERT
245 _aSocial Science-VI
260 _aNew Delhi
_bNCERT
_c2007
999 _c4876
_d4876